Historia en tránsito : (Record no. 92681)

MARC details
000 -LEADER
fixed length control field 00851nam a2200241 4500
005 - DATE AND TIME OF LATEST TRANSACTION
control field 20160120143611.0
008 - FIXED-LENGTH DATA ELEMENTS--GENERAL INFORMATION
fixed length control field 150507b mx ||||| |||| 00| 0 spa d
020 ## - INTERNATIONAL STANDARD BOOK NUMBER
International Standard Book Number 9505576862
050 04 - LIBRARY OF CONGRESS CALL NUMBER
Classification number D16 .16
Item number L33 2006
100 1# - MAIN ENTRY--PERSONAL NAME
Personal name Lacapra, Dominick,
Dates associated with a name [1939- ]
245 10 - TITLE STATEMENT
Title Historia en tránsito :
Remainder of title experiencia, identidad, teoría crítica
Statement of responsibility, etc / Dominick Lacapra
250 ## - EDITION STATEMENT
Edition statement 1a ed.
260 ## - PUBLICATION, DISTRIBUTION, ETC. (IMPRINT)
Place of publication, distribution, etc México :
Name of publisher, distributor, etc Fondo de Cultura Económica,
Date of publication, distribution, etc 2006.
300 ## - PHYSICAL DESCRIPTION
Extent 364 p. ;
Dimensions 21 cm.
490 ## - SERIES STATEMENT
Series statement Historia
490 ## - SERIES STATEMENT
Series statement Sección de Obras de Historia
500 ## - GENERAL NOTE
General note Nota : Titulo original : History in Transit. Experience, Identity, cristical Theory
504 ## - BIBLIOGRAPHY, ETC. NOTE
Bibliography, etc Incluye índice
650 #7 - SUBJECT ADDED ENTRY--TOPICAL TERM
Source of heading or term LEMB
Topical term or geographic name as entry element Historia
General subdivision Aspectos psicológicos
650 #7 - SUBJECT ADDED ENTRY--TOPICAL TERM
Source of heading or term LEMB
Topical term or geographic name as entry element Historia
General subdivision Aspectos sociales
700 1# - ADDED ENTRY--PERSONAL NAME
Personal name Arijón, Teresa,
Relator term tr.
942 ## - ADDED ENTRY ELEMENTS (KOHA)
Source of classification or shelving scheme Biblioteca del Cogreso de los Estados Unidos
Koha item type Libro
Holdings
Estado de pérdida Fuente de clasificación Estado del daño No para préstamo Ubicación permanente Ubicación actual Apartado o colección Fecha de adquisición Edición Dependencia de educación superior (DES) Área del conocimiento Clasificación Código de Barras Date last seen Número de copia Tipo de recurso Nota pública
  Biblioteca del Cogreso de los Estados Unidos     Biblioteca del Instituto de Investigaciones Históricas Biblioteca del Instituto de Investigaciones Históricas General 11/05/2015 1a ed. Humanidades Educación y Humanidades D16 .16 L33 2006 IIH000014067 11/05/2015 C:1 Libro GENERAL